[Event "29th ECC Women 2025"]
[Site "Rhodes GRE"]
[Date "2025.10.22"]
[Round "4.14"]
[White "Van Amerongen-Jansen, Peggy"]
[Black "Johansson, Viktoria"]
[Result "1/2-1/2"]
[BlackTitle "WIM"]
[WhiteElo "2030"]
[BlackElo "2033"]
[WhiteTeam "De Stukkenjagers"]
[BlackTeam "Wasa SK"]
[WhiteFideId "1001728"]
[BlackFideId "1701940"]
[EventDate "2025.10.19"]
[EventType "team"]

1. e4 c5 2. Nf3 Nc6 3. Bb5 g6 4. c3 Bg7 5. O-O Nf6 6. Re1 O-O 7. h3 d5 8. e5 Ne8
9. d4 Qb6 10. Bf1 c4 11. b3 cxb3 12. axb3 Bf5 13. Nbd2 f6 14. g4 Bc8 15. exf6
Nxf6 16. Bg2 Bd7 17. Bb2 Rae8 18. Ba3 a5 19. Rc1 Qc7 20. c4 Qf4 21. Bb2 Nb4 22.
Qe2 h5 23. Ne5 Ne4 24. Nxe4 Bxe5 25. dxe5 dxe4 26. Bxe4 hxg4 27. hxg4 Bxg4 28.
Qe3 Bf3 29. Qxf4 Rxf4 30. Bxf3 Rxf3 31. Re3 Rxe3 32. fxe3 Nd3 33. Rc2 Nxb2 34.
Rxb2 Rf8 35. Rd2 Rf3 36. Rd3 Kf7 37. Kg2 Rf5 38. Rd5 1/2-1/2

[Event "29th ECC Women 2025"]
[Site "Rhodes GRE"]
[Date "2025.10.22"]
[Round "4.15"]
[White "Isurina Mariano, Cristine Rose"]
[Black "De Wit, Patricia"]
[Result "1/2-1/2"]
[WhiteTitle "WIM"]
[WhiteElo "1990"]
[BlackElo "2006"]
[WhiteTeam "Wasa SK"]
[BlackTeam "De Stukkenjagers"]
[WhiteFideId "5201071"]
[BlackFideId "1002147"]
[EventDate "2025.10.19"]
[EventType "team"]

1. b3 Nf6 2. e3 g6 3. Bb2 Bg7 4. f4 d6 5. Nf3 c5 6. Be2 Bd7 7. O-O O-O 8. h3 h5
9. c4 a6 10. Nc3 Ne4 11. Qe1 Nxc3 12. Bxc3 Bxc3 13. dxc3 Bc6 14. Bd3 e5 15. fxe5
Bxf3 16. Rxf3 dxe5 17. Rd1 Qc7 18. Qg3 Nc6 19. Be4 Ne7 20. Rf6 Rad8 21. Rdf1 Rd2
22. Bf3 Qb8 23. Bxh5 e4 24. Qg5 Kg7 25. R6f4 Qd6 26. Rxe4 f6 27. Qf4 Nf5 28. Qf3
Ng3 29. Re7+ Kg8 30. Qg4 Ne2+ 31. Kh1 Ng3+ 32. Kg1 Ne2+ 1/2-1/2

[Event "29th ECC Women 2025"]
[Site "Rhodes GRE"]
[Date "2025.10.22"]
[Round "4.16"]
[White "Do, Huong"]
[Black "Borisova, Borislava"]
[Result "1/2-1/2"]
[BlackTitle "WIM"]
[WhiteElo "1838"]
[BlackElo "1920"]
[WhiteTeam "De Stukkenjagers"]
[BlackTeam "Wasa SK"]
[WhiteFideId "1060864"]
[BlackFideId "1701657"]
[EventDate "2025.10.19"]
[EventType "team"]

1. d4 Nf6 2. c4 e6 3. Nc3 Bb4 4. Qc2 c5 5. Nf3 Nc6 6. dxc5 Bxc5 7. e3 b6 8. Be2
Bb7 9. O-O O-O 10. Rd1 h6 11. a3 Qb8 12. b3 Ne5 13. h3 Nxf3+ 14. Bxf3 Bxf3 15.
gxf3 Qe5 16. Ne2 Qh5 17. Kg2 Rad8 18. Bb2 Be7 19. Ng3 Qh4 20. Rd4 Qg5 21. f4 Qc5
22. Qe2 Qc6+ 23. Kh2 g6 24. Rg1 Kh7 25. Qc2 Qf3 26. Bc1 Bc5 27. Rdd1 d5 28. b4
Be7 29. cxd5 Nxd5 30. Rd3 Nf6 31. Rgd1 Rxd3 32. Rxd3 Rd8 33. Rxd8 Bxd8 34. Bb2
Be7 35. Kg1 Qd5 36. Bd4 Nh5 37. Qc8 Bf6 38. Bxf6 Nxf6 39. Qc7 Qd7 40. Qc3 Qd1+
41. Kh2 Qd8 42. Qb2 Nd5 1/2-1/2

[Event "29th ECC Women 2025"]
[Site "Rhodes GRE"]
[Date "2025.10.22"]
[Round "4.17"]
[White "Ushenina, Anna"]
[Black "Osmak, Yuliia"]
[Result "1/2-1/2"]
[WhiteTitle "GM"]
[BlackTitle "IM"]
[WhiteElo "2407"]
[BlackElo "2464"]
[WhiteTeam "CE Gambit Bonnevoie"]
[BlackTeam "C'Chartres échecs"]
[WhiteFideId "14110911"]
[BlackFideId "14101602"]
[EventDate "2025.10.19"]
[EventType "team"]

1. e4 e5 2. Nf3 Nc6 3. Bb5 Nf6 4. O-O Nxe4 5. Re1 Nd6 6. Nxe5 Be7 7. Bf1 Nxe5 8.
Rxe5 O-O 9. Nc3 Bf6 10. Re1 Re8 11. Rxe8+ Nxe8 12. Nd5 Bg5 13. d4 Bxc1 14. Rxc1
c6 15. Ne3 d5 16. c4 Nf6 17. Qb3 Rb8 18. cxd5 Nxd5 19. Bc4 Be6 20. Nxd5 cxd5 21.
Be2 Rc8 22. Qe3 h6 23. Bf3 Rxc1+ 24. Qxc1 Qd7 25. h3 Qb5 26. Qc3 a5 27. a3 b6
28. g4 Qd7 29. Kg2 Qd6 30. Qe3 Qc6 31. Qd2 1/2-1/2

[Event "29th ECC Women 2025"]
[Site "Rhodes GRE"]
[Date "2025.10.22"]
[Round "4.18"]
[White "Daulyte-Cornette, Deimante"]
[Black "Maltsevskaya, Aleksandra"]
[Result "1-0"]
[WhiteTitle "IM"]
[BlackTitle "IM"]
[WhiteElo "2386"]
[BlackElo "2394"]
[WhiteTeam "C'Chartres échecs"]
[BlackTeam "CE Gambit Bonnevoie"]
[WhiteFideId "12802859"]
[BlackFideId "24174041"]
[EventDate "2025.10.19"]
[EventType "team"]

1. e4 c5 2. Nf3 Nc6 3. Bb5 g6 4. O-O Bg7 5. Re1 e5 6. Bxc6 dxc6 7. a3 Qc7 8. b4
cxb4 9. axb4 Ne7 10. Bb2 O-O 11. d3 b5 12. c4 Rd8 13. Qc2 Bg4 14. Nbd2 Qd6 15.
Ra3 c5 16. cxb5 cxb4 17. Ra6 Qxd3 18. Qc5 Nc8 19. Re3 Qd7 20. h3 Bxf3 21. Nxf3
Rb8 22. Rc6 Qb7 23. Bxe5 Bxe5 24. Qxe5 Qxb5 25. Qf6 Rf8 26. Ne5 Ne7 27. Rd6 b3
28. Ng4 h5 29. Nh6+ Kh7 30. Nxf7 Qe8 31. Ng5+ Kh6 32. Qb2 Kxg5 33. Qg7 Qf7 34.
Rg3+ Kh4 35. Rg4+ hxg4 36. Qh6# 1-0

[Event "29th ECC Women 2025"]
[Site "Rhodes GRE"]
[Date "2025.10.22"]
[Round "4.19"]
[White "Danielian, Elina"]
[Black "Schippke, Manon"]
[Result "1-0"]
[WhiteTitle "GM"]
[BlackTitle "WIM"]
[WhiteElo "2410"]
[BlackElo "2359"]
[WhiteTeam "CE Gambit Bonnevoie"]
[BlackTeam "C'Chartres échecs"]
[WhiteFideId "13300210"]
[BlackFideId "45100446"]
[EventDate "2025.10.19"]
[EventType "team"]

1. Nf3 e6 2. g3 f5 3. Bg2 Nf6 4. O-O d5 5. c4 Be7 6. b3 Nc6 7. e3 O-O 8. Bb2 Bd7
9. a3 a5 10. Nc3 Be8 11. Nb5 Bh5 12. Qc2 Qd7 13. Rac1 Rac8 14. Rfe1 Ne4 15. d3
Ng5 16. Nd2 Bg4 17. h4 Nf7 18. cxd5 exd5 19. Nc3 d4 20. Nd5 Bd6 21. Nc4 Bc5 22.
Nxa5 Nxa5 23. Qxc5 Nxb3 24. Qe7 Rfd8 25. Rc2 Qb5 26. Rxc7 Rxc7 27. Nxc7 Qe5 28.
Qb4 Qxc7 29. Qxb3 Qa5 30. Kf1 dxe3 31. Rxe3 f4 32. gxf4 Qf5 33. Qc3 Qg6 34. Be4
Qh6 35. Rg3 Rc8 36. Qd4 Rd8 37. Bd5 Rxd5 38. Qxd5 Qxh4 39. Qxb7 h5 40. Qa8+ Kh7
41. Qe4+ g6 42. Qd4 1-0

[Event "29th ECC Women 2025"]
[Site "Rhodes GRE"]
[Date "2025.10.22"]
[Round "4.20"]
[White "Tomasi, Elise"]
[Black "Jarocka, Liwia"]
[Result "0-1"]
[WhiteTitle "WFM"]
[BlackTitle "FM"]
[WhiteElo "2095"]
[BlackElo "2243"]
[WhiteTeam "C'Chartres échecs"]
[BlackTeam "CE Gambit Bonnevoie"]
[WhiteFideId "26088843"]
[BlackFideId "21807558"]
[EventDate "2025.10.19"]
[EventType "team"]

1. d4 d5 2. Nf3 Nf6 3. g3 e6 4. Bg2 Be7 5. O-O O-O 6. c4 a5 7. Qc2 Nbd7 8. Nbd2
c5 9. e4 cxd4 10. exd5 e5 11. Re1 Bd6 12. Ng5 Nc5 13. Nge4 Bf5 14. Nxf6+ Qxf6
15. Ne4 Qg6 16. f3 Rfc8 17. b3 b5 18. Qe2 bxc4 19. bxc4 Nxe4 20. fxe4 Bg4 21.
Qd3 Bb4 22. Rf1 Qa6 23. h3 Bd7 24. Qf3 f6 25. a3 Bc5 26. g4 Qxc4 27. Bd2 Qa6 28.
g5 Rf8 29. Qg3 Bb5 30. gxf6 Rxf6 31. Rxf6 Qxf6 32. a4 Be2 33. Rc1 Ba7 34. Rc6
d3+ 35. Kh1 Bf2 36. Qh2 Rb8 37. Rxf6 gxf6 38. Bf1 Bf3+ 0-1

[Event "29th ECC Women 2025"]
[Site "Rhodes GRE"]
[Date "2025.10.22"]
[Round "4.21"]
[White "Tokhirjonova, Gulrukhbegim"]
[Black "Krasteva, Beloslava"]
[Result "1/2-1/2"]
[WhiteTitle "IM"]
[BlackTitle "FM"]
[WhiteElo "2370"]
[BlackElo "2316"]
[WhiteTeam "SK Zmaj"]
[BlackTeam "MSK Centar ASEE"]
[WhiteFideId "14203626"]
[BlackFideId "2922029"]
[EventDate "2025.10.19"]
[EventType "team"]

1. d4 d6 2. Nf3 Nf6 3. g3 g6 4. Bg2 Bg7 5. O-O O-O 6. c4 Re8 7. Nc3 Bd7 8. e4 e5
9. d5 a5 10. h3 Na6 11. Be3 Nc5 12. Nd2 Rf8 13. Qe2 b6 14. Kh2 Ne8 15. f4 f5 16.
Rae1 exf4 17. Bxf4 Nf6 18. Qe3 Nh5 19. Bg5 Qc8 20. Ne2 fxe4 21. Nxe4 Nxe4 22.
Qxe4 Rxf1 23. Rxf1 Qe8 24. g4 Qxe4 25. Bxe4 Be5+ 26. Kg2 Ng7 27. b3 Rf8 28. Nf4
Ne8 29. Nd3 Rxf1 30. Kxf1 Bf6 31. Be3 Bg7 1/2-1/2

[Event "29th ECC Women 2025"]
[Site "Rhodes GRE"]
[Date "2025.10.22"]
[Round "4.22"]
[White "Radeva, Viktoria"]
[Black "Malikova, Marjona"]
[Result "1/2-1/2"]
[WhiteTitle "WGM"]
[BlackTitle "WIM"]
[WhiteElo "2292"]
[BlackElo "2042"]
[WhiteTeam "MSK Centar ASEE"]
[BlackTeam "SK Zmaj"]
[WhiteFideId "2915405"]
[BlackFideId "14212463"]
[EventDate "2025.10.19"]
[EventType "team"]

1. e4 e5 2. Nf3 Nc6 3. Nc3 Nf6 4. Bb5 Nd4 5. O-O c6 6. Bd3 Nxf3+ 7. Qxf3 d6 8.
a4 g6 9. Bc4 Bg7 10. a5 O-O 11. d3 h6 12. Bb3 Kh7 13. Qd1 Nd7 14. f4 f5 15. exf5
gxf5 16. fxe5 dxe5 17. Be3 Qh4 18. Ra4 f4 19. Bf2 Qg5 20. Ne4 Qg6 21. Bh4 b5 22.
Ra1 Bf6 23. Bxf6 Nxf6 24. Nxf6+ Rxf6 25. Qe2 Rf5 26. d4 Rg5 27. dxe5 Bh3 28. Rf2
Rf8 29. Kh1 Bg4 30. Qd3 Qxd3 31. cxd3 Rxe5 1/2-1/2

[Event "29th ECC Women 2025"]
[Site "Rhodes GRE"]
[Date "2025.10.22"]
[Round "4.23"]
[White "Salimova, Asal"]
[Black "Nikolovska, Dragana"]
[Result "1-0"]
[WhiteTitle "WCM"]
[WhiteElo "2123"]
[BlackElo "1898"]
[WhiteTeam "SK Zmaj"]
[BlackTeam "MSK Centar ASEE"]
[WhiteFideId "14204940"]
[BlackFideId "15000133"]
[EventDate "2025.10.19"]
[EventType "team"]

1. d4 Nf6 2. c4 c5 3. d5 b5 4. cxb5 a6 5. bxa6 Bxa6 6. Nc3 g6 7. Nf3 d6 8. e4
Bxf1 9. Kxf1 Nbd7 10. g3 Bg7 11. Kg2 O-O 12. a4 Ng4 13. Bf4 Qb6 14. Qc2 c4 15.
h3 Nge5 16. Nxe5 Nxe5 17. Bxe5 Bxe5 18. Nb5 Rfc8 19. Rhe1 Qb7 20. Ra3 Ra5 21.
Re2 Qa8 22. Kh2 Rc5 23. Ree3 Bg7 24. Nc3 Ra6 25. Re1 Rca5 26. Rea1 Rc5 27. Qe2
Qb7 28. Nb5 Qa8 29. R1a2 Ra5 30. Qd2 Qa6 31. Qb4 Qb6 32. Kg2 Rc8 33. Qd2 Rca8
34. Qc2 Qc5 35. Nc3 Qb4 36. h4 h5 37. Qe2 Bf6 38. Qc2 Rb8 39. Qd2 Kh7 40. Qd1
Rba8 41. Kf1 Qc5 42. Qd2 Qc8 43. Nb5 Qh3+ 44. Kg1 Qg4 45. Qc2 Rc8 46. Kh2 Be5
47. Kg2 Bf6 48. Rf3 Rc5 49. Nxd6 exd6 50. Rxf6 Qd7 51. Ra3 Ra7 52. Raf3 Kg7 53.
Rxf7+ Qxf7 54. Rxf7+ Kxf7 55. Kh3 Rca5 56. Qxc4 Rxa4 57. Qc3 Ra2 58. Qh8 R7a6
59. f4 Rb6 60. Qh7+ Kf6 61. Qg8 Ke7 62. Qxg6 Rbxb2 63. Qxh5 Re2 64. Qh7+ Kf6 65.
Qf5+ Kg7 66. Qd7+ 1-0

[Event "29th ECC Women 2025"]
[Site "Rhodes GRE"]
[Date "2025.10.22"]
[Round "4.24"]
[White "Petrovska, Katerina"]
[Black "Agarwal, Amaya"]
[Result "1-0"]
[BlackTitle "WCM"]
[WhiteElo "1880"]
[BlackElo "1818"]
[WhiteTeam "MSK Centar ASEE"]
[BlackTeam "SK Zmaj"]
[WhiteFideId "15002551"]
[BlackFideId "48733580"]
[EventDate "2025.10.19"]
[EventType "team"]

1. e4 c5 2. Nc3 d6 3. Bb5+ Nd7 4. a4 a6 5. Be2 Ngf6 6. d3 g6 7. f4 Bg7 8. Nf3
O-O 9. O-O Rb8 10. Qe1 b5 11. axb5 axb5 12. Qh4 e6 13. f5 b4 14. Nd1 exf5 15.
Bg5 Qe8 16. Nd2 fxe4 17. Bxf6 Nxf6 18. Rxf6 Bxf6 19. Qxf6 exd3 20. Bxd3 Qe1+ 21.
Nf1 Qe6 22. Qf2 Bb7 23. b3 Rfe8 24. Nde3 Kh8 25. Rd1 d5 26. h3 Rbd8 27. Bb5 Rf8
28. Re1 Qb6 29. Bd3 f5 30. Qh4 Qc6 31. Nxf5 c4 32. Re7 Qc5+ 33. N1e3 h5 34. Qg5 1-0

[Event "29th ECC Women 2025"]
[Site "Rhodes GRE"]
[Date "2025.10.22"]
[Round "4.25"]
[White "Drakaki, Anna-Maria"]
[Black "Sivanandan, Bodhana"]
[Result "0-1"]
[BlackTitle "WFM"]
[WhiteElo "1929"]
[BlackElo "2205"]
[WhiteTeam "Aris Thessalonikis"]
[BlackTeam "She plays to win Lionesses #1"]
[WhiteFideId "4225210"]
[BlackFideId "497592"]
[EventDate "2025.10.19"]
[EventType "team"]

1. d4 d5 2. c4 c6 3. cxd5 cxd5 4. Bf4 Nc6 5. e3 Nf6 6. Nc3 Bf5 7. Qb3 Na5 8.
Qa4+ Bd7 9. Qc2 Rc8 10. Bd3 e6 11. Nf3 Bb4 12. O-O O-O 13. Rfc1 Qe7 14. a3 Bxc3
15. bxc3 h6 16. a4 Bc6 17. Ne5 Nh5 18. Bh7+ Kh8 19. Bg6 Nxf4 20. exf4 Qf6 21.
Bh5 Nc4 22. g3 Nd6 23. Bf3 Rc7 24. Qe2 Rfc8 25. Qe3 Kg8 26. h4 Nc4 27. Nxc4 dxc4
28. Bxc6 Rxc6 29. Rab1 b6 30. Qe4 Qd8 31. Kg2 Qd7 32. Re1 Rd6 33. Rb4 Rd5 34. f3
Qc6 35. Reb1 Qc7 36. Rb5 Qd7 37. Qe2 Qd6 38. R1b4 Qc6 39. Qe4 Rd6 40. Qxc6 Rcxc6
41. a5 Kf8 42. h5 Ke7 43. g4 Rd5 44. axb6 Rxb5 45. Rxb5 axb6 46. Kf2 Kd7 47. g5
Rd6 48. f5 exf5 49. Rxf5 Ke6 50. Re5+ Kd7 51. f4 f6 52. gxf6 gxf6 53. Rf5 Kc6
54. Kf3 b5 55. Rc5+ Kb6 56. Rc8 Re6 57. f5 Re1 58. Rh8 Rc1 59. Rxh6 Rxc3+ 60.
Ke4 b4 61. Rxf6+ Kb5 62. Kd5 Rf3 63. h6 c3 64. h7 Rh3 65. Rf7 c2 66. Rc7 b3 67.
Rc3 Rxc3 68. h8=Q c1=Q 69. Qb8+ Ka4 70. Qa7+ Kb4 71. Qe7+ Rc5+ 72. dxc5 Qc4+ 73.
Kc6 Qa6+ 74. Kd5 Qd3+ 75. Kc6 b2 76. Qb7+ Kc3 77. Qg7+ Kb3 78. Qg8+ Kc2 79. Qg2+
Kc3 80. Qg7+ Qd4 81. Qg3+ Kc4 82. Qg8+ Kb4 83. Qb8+ Ka3 84. Qg3+ Ka4 85. Qe1 Qd3
86. Qh4+ Ka3 87. f6 b1=Q 88. f7 Qbb5+ 0-1

[Event "29th ECC Women 2025"]
[Site "Rhodes GRE"]
[Date "2025.10.22"]
[Round "4.26"]
[White "Subramanian, Anusha"]
[Black "Amiridou, Dimitra"]
[Result "1-0"]
[WhiteTitle "WFM"]
[WhiteElo "2056"]
[BlackElo "1954"]
[WhiteTeam "She plays to win Lionesses #1"]
[BlackTeam "Aris Thessalonikis"]
[WhiteFideId "477710"]
[BlackFideId "4218230"]
[EventDate "2025.10.19"]
[EventType "team"]

1. d4 Nf6 2. Nc3 d5 3. Bf4 a6 4. e3 e6 5. Nf3 h6 6. a3 c5 7. Ne5 Nbd7 8. h4 Nxe5
9. Bxe5 Bd6 10. Rh3 Qc7 11. f4 Rg8 12. Rg3 Bxe5 13. fxe5 Ne4 14. Nxe4 dxe4 15.
Qg4 cxd4 16. Qxe4 f5 17. Qxd4 Bd7 18. O-O-O O-O-O 19. Qd6 Kb8 20. Qxc7+ Kxc7 21.
Rg6 Rde8 22. Bc4 Re7 23. Rd6 Rge8 24. Kd2 Bc8 25. Kc3 Kb8 26. Kd4 Kc7 27. b4 Rd8
28. Kc5 Rde8 29. a4 Kb8 30. Kb6 Bd7 31. Bb3 Kc8 32. b5 axb5 33. axb5 Rf8 34. g3
Rfe8 35. c4 Kb8 36. c5 Rc8 37. Bxe6 Bxe6 38. Rgxe6 Rec7 39. c6 bxc6 40. bxc6 g5
41. hxg5 hxg5 42. Rd7 1-0

[Event "29th ECC Women 2025"]
[Site "Rhodes GRE"]
[Date "2025.10.22"]
[Round "4.27"]
[White "Tsekoura, Vaia"]
[Black "Weersing, Abigail Riis"]
[Result "0-1"]
[BlackTitle "WFM"]
[WhiteElo "1872"]
[BlackElo "2032"]
[WhiteTeam "Aris Thessalonikis"]
[BlackTeam "She plays to win Lionesses #1"]
[WhiteFideId "25828070"]
[BlackFideId "460036"]
[EventDate "2025.10.19"]
[EventType "team"]

1. e4 e6 2. d4 d5 3. Nd2 c5 4. exd5 Qxd5 5. dxc5 Bxc5 6. Ngf3 Nf6 7. Bc4 Qc6 8.
Qe2 O-O 9. Nb3 Bd6 10. Nbd4 Qb6 11. O-O a6 12. c3 Qc7 13. h3 b5 14. Bd3 Bb7 15.
Ng5 Nbd7 16. Ne4 Bh2+ 17. Kh1 Be5 18. Nxf6+ Bxf6 19. Qh5 g6 20. Qe2 Nc5 21. Bc2
b4 22. Bh6 Rfd8 23. Rfd1 Rac8 24. Qg4 bxc3 25. bxc3 Qa5 26. Qf4 Qxc3 27. Qxf6
Qxh3+ 0-1

[Event "29th ECC Women 2025"]
[Site "Rhodes GRE"]
[Date "2025.10.22"]
[Round "4.28"]
[White "Ashton, Alannah"]
[Black "Mitraka, Chrysoula-Paraskevi"]
[Result "1-0"]
[WhiteTitle "WCM"]
[WhiteElo "1928"]
[BlackElo "1792"]
[WhiteTeam "She plays to win Lionesses #1"]
[BlackTeam "Aris Thessalonikis"]
[WhiteFideId "480681"]
[BlackFideId "2409968"]
[EventDate "2025.10.19"]
[EventType "team"]

1. e4 c6 2. d4 d5 3. e5 c5 4. Nf3 cxd4 5. Qxd4 Nc6 6. Qf4 e6 7. Nc3 Nb4 8. Bd3
Nxd3+ 9. cxd3 h6 10. Bd2 Bd7 11. h4 Ne7 12. h5 Nc6 13. a3 a6 14. Ne2 f6 15. Qg3
Qe7 16. Nf4 Qf7 17. Ng6 Rg8 18. Rh4 O-O-O 19. Rc1 f5 20. Nd4 Be7 21. Nxc6 Bxc6
22. Rh3 d4 23. Ba5 Rd7 24. Bb6 Kb8 25. Rc4 Bb5 26. Rxd4 Rxd4 27. Bxd4 Rd8 28.
Qe3 Qe8 29. Nxe7 Qxe7 30. Bc5 Qd7 31. Bd6+ Ka8 32. b3 Bc6 33. Rg3 Bd5 34. Qb6
Rc8 35. Bc5 Kb8 36. Qa7+ Kc7 37. Qb6+ Kb8 38. d4 Qf7 39. Bd6+ Ka8 40. Bc5 Kb8
41. b4 Bc6 42. b5 Be4 43. bxa6 Bc6 44. Rb3 Bd5 45. Qa7+ Kc7 46. Rxb7+ Bxb7 47.
Qxb7+ Kd8 48. Qxf7 1-0

[Event "29th ECC Women 2025"]
[Site "Rhodes GRE"]
[Date "2025.10.23"]
[Round "5.1"]
[White "Goryachkina, Aleksandra"]
[Black "Bivol, Alina"]
[Result "1/2-1/2"]
[WhiteTitle "GM"]
[BlackTitle "IM"]
[WhiteElo "2541"]
[BlackElo "2361"]
[WhiteTeam "Cercle d'échecs de Monte-Carlo"]
[BlackTeam "Crvena Zvezda"]
[WhiteFideId "4147103"]
[BlackFideId "4100123"]
[EventDate "2025.10.19"]

1. e4 d5 2. exd5 Qxd5 3. Nc3 Qa5 4. d4 Bf5 5. Nf3 e6 6. Bc4 Bb4 7. Bd2 Nf6 8. a3
Bxc3 9. Bxc3 Qb6 10. O-O Nc6 11. b4 Bg4 12. a4 Ne4 13. a5 Nxc3 14. axb6 Nxd1 15.
Rfxd1 Bxf3 16. gxf3 cxb6 17. Bb5 O-O 18. Bxc6 bxc6 19. Ra6 Rfd8 20. Rda1 Rxd4
21. Rxb6 h5 22. Rxc6 Rxb4 23. Ra5 g6 24. Rc7 a6 25. Rc6 Rb5 26. Raxa6 Rxa6 27.
Rxa6 Rc5 28. Ra2 Rc3 29. Kg2 h4 30. h3 Rc4 31. Kf1 Kg7 32. Kg2 Kf6 33. Rb2 Kf5
34. Ra2 g5 35. Rb2 f6 36. Ra2 Rc5 37. Rb2 Ke5 38. Ra2 Rc6 39. Ra5+ Kf4 40. Ra4+
Kf5 41. Ra5+ e5 42. Ra2 Ke6 43. Rb2 Kd5 44. Rb5+ Kd4 45. Rb3 Kd5 46. Rb5+ Kd6
47. Rb2 Ke6 48. Ra2 Kf5 49. Rb2 Rc4 50. Ra2 Kf4 51. Rb2 f5 52. Rb8 Rxc2 53. Rb4+
e4 54. fxe4 fxe4 55. Rb8 Rc5 56. Rf8+ Rf5 57. Re8 Rf6 58. Rg8 Kf5 59. Re8 Re6
60. Rf8+ Kg6 61. Rg8+ Kf6 62. Rf8+ Kg7 63. Rf5 Kg6 64. Rf8 e3 65. fxe3 Rxe3 66.
Rf2 Re4 67. Kh2 Re5 68. Kg2 Rf5 69. Ra2 Rf6 70. Ra5 Re6 71. Ra2 Re1 72. Rf2 Re6
73. Kh2 Rf6 74. Ra2 Re6 75. Rf2 Rf6 1/2-1/2

[Event "29th ECC Women 2025"]
[Site "Rhodes GRE"]
[Date "2025.10.23"]
[Round "5.2"]
[White "Velikic, Adela"]
[Black "Divya, Deshmukh"]
[Result "0-1"]
[WhiteTitle "WIM"]
[BlackTitle "GM"]
[WhiteElo "2261"]
[BlackElo "2498"]
[WhiteTeam "Crvena Zvezda"]
[BlackTeam "Cercle d'échecs de Monte-Carlo"]
[WhiteFideId "913553"]
[BlackFideId "35006916"]
[EventDate "2025.10.19"]

1. c4 c6 2. d4 d5 3. Nf3 Nf6 4. e3 Bf5 5. cxd5 cxd5 6. Qb3 Qc7 7. Bd2 e6 8. Ne5
Nc6 9. Qa4 Bd6 10. Nc3 Bxe5 11. Nb5 Qb6 12. dxe5 Ne4 13. Qa3 Rd8 14. Nd6+ Nxd6
15. exd6 O-O 16. Be2 Rd7 17. g4 Be4 18. f3 Bg6 19. h4 h5 20. gxh5 Bxh5 21. Rg1
f6 22. Kf2 Rfd8 23. b4 Ne5 24. b5 Rc8 25. Ba5 Qxd6 26. Qxd6 Rxd6 27. f4 Rc2 28.
fxe5 Rxe2+ 29. Kf1 fxe5 30. Rg5 Bf3 31. Bc7 Rd7 32. Bxe5 Rf7 33. Kg1 Rxe3 34.
Rc1 Re4 35. h5 Rh4 36. Rc8+ Kh7 37. Ra8 Rh1+ 38. Kf2 Bxh5+ 39. Ke3 b6 40. Bb8
Re1+ 41. Kd2 Rd1+ 42. Kc3 Rf3+ 43. Kb2 Rf2+ 44. Kc3 Bg6 45. Rg3 Rc2+ 46. Kb3 Rc8
47. Rh3+ Kg8 48. Rg3 Rd3+ 49. Rxd3 Bxd3 50. a4 d4 0-1

[Event "29th ECC Women 2025"]
[Site "Rhodes GRE"]
[Date "2025.10.23"]
[Round "5.3"]
[White "Kosteniuk, Alexandra"]
[Black "Mehmed, Elif"]
[Result "1-0"]
[WhiteTitle "GM"]
[BlackTitle "WGM"]
[WhiteElo "2469"]
[BlackElo "2295"]
[WhiteTeam "Cercle d'échecs de Monte-Carlo"]
[BlackTeam "Crvena Zvezda"]
[WhiteFideId "4128125"]
[BlackFideId "2921103"]
[EventDate "2025.10.19"]

1. e4 c5 2. Nf3 Nc6 3. Bb5 e6 4. O-O Nge7 5. d4 cxd4 6. Nxd4 Ng6 7. Be3 Be7 8.
c3 O-O 9. Nd2 a6 10. Be2 Nxd4 11. Bxd4 e5 12. Be3 d6 13. Nc4 Be6 14. Nb6 Rb8 15.
g3 Bg5 16. Bxg5 Qxg5 17. Qc1 Nf4 18. Kh1 Qg6 19. Bf3 Nh5 20. Qe3 Nf6 21. Rad1
Rfd8 22. Rd2 Ng4 23. Qe2 Qh6 24. h4 Nf6 25. Rfd1 Ne8 26. c4 Qf6 27. Qe3 Qe7 28.
Qa3 g6 29. Bg2 Qc7 30. Qb4 Kg7 31. a4 Bg4 32. f3 Be6 33. a5 Qe7 34. Qc3 f6 35.
Rd3 Kg8 36. Qd2 f5 37. c5 f4 38. cxd6 Qf6 39. Qf2 fxg3 40. Qxg3 Ng7 41. Qg5 Qxg5
42. hxg5 Nh5 43. Rc3 Ng3+ 44. Kh2 Ne2 45. Rc5 Nd4 46. Rxe5 Rxd6 47. Rxe6 Nxf3+
48. Bxf3 Rxe6 49. e5 Kh8 50. Nd7 Rd8 51. Bg4 Rxd7 52. Rxd7 Rxe5 53. b4 Re4 54.
Bf3 Rxb4 55. Bxb7 Rb5 56. Bd5 h6 57. gxh6 Rxa5 58. Kg3 Ra4 59. Re7 Ra5 60. Rd7
Ra4 61. Rg7 Rd4 62. Ba2 a5 63. Rxg6 a4 64. Ra6 a3 65. Bb1 Rd8 66. Kh4 a2 67.
Rxa2 Rg8 68. Ra7 Rb8 69. Bf5 Rf8 70. Bg6 Rb8 71. Re7 Ra8 72. Be4 Rb8 73. Bf5 Rf8
74. Kg5 Rg8+ 75. Kh5 Ra8 76. Re5 Rf8 77. Be6 Rf6 78. Bf5 Rf8 79. Kg5 Rg8+ 80.
Bg6 Ra8 81. Re7 Rf8 82. Bf7 Kh7 83. Kf6 Rb8 84. Bd5+ Kxh6 85. Re4 Rb6+ 86. Be6
Kh5 87. Re5+ Kh6 88. Re1 Rb5 89. Rh1+ Rh5 90. Rb1 Ra5 91. Rb2 Rc5 92. Rb8 Rc7
93. Rb4 Rc5 94. Bd7 Rg5 95. Rh4+ Rh5 96. Rg4 Ra5 97. Rg6+ Kh7 98. Be6 Rb5 99.
Rg8 Rb6 100. Rg1 1-0

[Event "29th ECC Women 2025"]
[Site "Rhodes GRE"]
[Date "2025.10.23"]
[Round "5.4"]
[White "Srdanovic, Jovana"]
[Black "Paehtz, Elisabeth"]
[Result "1-0"]
[WhiteTitle "WIM"]
[BlackTitle "GM"]
[WhiteElo "2198"]
[BlackElo "2408"]
[WhiteTeam "Crvena Zvezda"]
[BlackTeam "Cercle d'échecs de Monte-Carlo"]
[WhiteFideId "954810"]
[BlackFideId "4641833"]
[EventDate "2025.10.19"]

1. d4 d6 2. Nf3 g6 3. g3 Bg7 4. Bg2 Nf6 5. c4 O-O 6. Nc3 Nc6 7. d5 Na5 8. b3 c6
9. Bb2 cxd5 10. cxd5 Bd7 11. O-O b5 12. Nd4 Qb6 13. e3 b4 14. Nce2 Rfc8 15. Qd2
Nb7 16. Rac1 Nc5 17. h3 a5 18. Nf4 a4 19. Nd3 axb3 20. axb3 Ra2 21. Rb1 Nxd3 22.
Qxd3 Rc5 23. e4 Ne8 24. Rfd1 Nc7 25. Qe3 Nb5 26. Nxb5 Rxb2 27. Rxb2 Bxb2 28. Nd4
Bc3 29. Bf1 Ra5 30. Kg2 Ra2 31. Bc4 Qc5 32. e5 dxe5 33. Qxe5 Qd6 34. Qe4 Qf6 35.
Ne2 Be5 36. g4 Kg7 37. Rd3 Bd6 38. Rf3 Qe5 39. Ng3 f6 40. Qd3 Bc5 41. Ne2 Rb2
42. Rg3 Bd6 43. Qe3 Qxe3 44. Rxe3 Bc5 45. Rf3 e5 46. Ng3 Bd4 47. Ne2 Bb6 48. Ng3
Ra2 49. Kf1 h5 50. Ne4 f5 51. gxf5 Bxf5 52. Bd3 Rb2 53. Ng5 Rxf2+ 54. Rxf2 Bxd3+
55. Ke1 Bxf2+ 56. Kxf2 Kf6 57. d6 h4 58. d7 Ke7 59. Nf7 1-0